[Event "Uxbridge Open"]
[Site "Denham Grove"]
[Date "2010.03.20"]
[Round "2"]
[White "Harley-Yeo, Gareth"]
[Black "Richter, Hans"]
[Result "1/2-1/2"]
[WhiteElo "2053"]
[BlackElo "2187"]
[PlyCount "49"]
[EventDate "2010.03.19"]
[EventType "swiss"]
[EventRounds "5"]
[EventCountry "ENG"]

1. d4 d5 2. c4 c6 3. Nf3 Nf6 4. Nc3 e6 5. e3 Nbd7 6. Bd3 dxc4 7. Bxc4 b5 8. Bd3
Bb7 9. O-O a6 10. e4 c5 11. e5 Nd5 12. Re1 Qb6 13. Nxd5 Bxd5 14. Be4 Qb7 15.
Bxd5 Qxd5 16. dxc5 Qxd1 17. Rxd1 Bxc5 18. a3 Nb6 19. Bg5 h6 20. b4 Be7 21. Bxe7
Kxe7 22. Nd4 Rac8 23. Nb3 Rhd8 24. Rxd8 Rxd8 25. f4 1/2-1/2

[Event "Uxbridge Open"]
[Site "Denham Grove"]
[Date "2010.03.20"]
[Round "2"]
[White "Livner, Anders"]
[Black "Hunt, Daniel"]
[Result "1-0"]
[WhiteElo "2304"]
[BlackElo "2019"]
[PlyCount "57"]
[EventDate "2010.03.19"]
[EventType "swiss"]
[EventRounds "5"]
[EventCountry "ENG"]

1. d4 Nf6 2. c4 g6 3. g3 Bg7 4. Bg2 d5 5. cxd5 Nxd5 6. e4 Nb6 7. Ne2 c5 8. d5
e6 9. Nbc3 O-O 10. O-O Na6 11. Nf4 exd5 12. Nfxd5 Be6 13. Bf4 c4 14. Qd2 Nxd5
15. exd5 Bf5 16. Be3 Bd3 17. Rfd1 Qa5 18. Rac1 Rfd8 19. b3 b5 20. bxc4 bxc4 21.
d6 Rac8 22. Nd5 Qxd2 23. Ne7+ Kf8 24. Rxd2 Rc5 25. Rxd3 cxd3 26. Rxc5 Nxc5 27.
Bxc5 d2 28. Bf3 Bd4 29. Nc6 1-0

[Event "Uxbridge Open"]
[Site "Denham Grove"]
[Date "2010.03.20"]
[Round "2"]
[White "Makepeace, Philip J"]
[Black "Crichton, Martin"]
[Result "1/2-1/2"]
[WhiteElo "2042"]
[BlackElo "2001"]
[PlyCount "64"]
[EventDate "2010.03.19"]
[EventType "swiss"]
[EventRounds "5"]
[EventCountry "ENG"]

1. e4 c6 2. d4 d5 3. Nc3 dxe4 4. Nxe4 Bf5 5. Ng3 Bg6 6. Nf3 Nd7 7. h4 h6 8. Bd3
Bxd3 9. Qxd3 Ngf6 10. O-O e6 11. Re1 Be7 12. c4 O-O 13. Bf4 Re8 14. Rad1 Rc8
15. Qb1 Qb6 16. Rd3 Qa6 17. Rc1 b5 18. b3 Qb7 19. Rcd1 Red8 20. Nf1 bxc4 21.
bxc4 Qxb1 22. Rxb1 Nb6 23. Ne5 Nfd7 24. Nxd7 Rxd7 25. c5 Nd5 26. Bg3 Nf6 27.
Rbb3 Ne4 28. Be5 Rcd8 29. Re3 Nf6 30. Nh2 h5 31. Rg3 Ne8 32. Nf3 f6 1/2-1/2

[Event "Uxbridge Open"]
[Site "Denham Grove"]
[Date "2010.03.20"]
[Round "2"]
[White "Nelson, Omowale"]
[Black "Radovanovic, Jovica"]
[Result "0-1"]
[WhiteElo "2076"]
[BlackElo "2348"]
[PlyCount "66"]
[EventDate "2010.03.19"]
[EventType "swiss"]
[EventRounds "5"]
[EventCountry "ENG"]

1. d4 d5 2. c4 c6 3. Nc3 Nf6 4. Nf3 dxc4 5. a4 Bg4 6. Ne5 Bh5 7. f3 e6 8. Bg5
Bb4 9. Nxc4 Qd5 10. Bxf6 gxf6 11. e4 Qd7 12. Qd3 Na6 13. h4 h6 14. Rd1 O-O-O
15. Be2 Rhg8 16. g4 Bg6 17. h5 Bh7 18. Qe3 Rg5 19. Kf1 Qe7 20. f4 Rgg8 21. f5
Rg5 22. Rh3 Nc7 23. Qc1 Rdg8 24. Ne3 exf5 25. exf5 Re8 26. Ng2 Nd5 27. Qc2 Bxc3
28. bxc3 Bxf5 29. gxf5 Rxg2 30. Kxg2 Nf4+ 31. Kh2 Nxh3 32. Kxh3 Qe3+ 33. Kh4
Qf2+ 0-1

[Event "Uxbridge Open"]
[Site "Denham Grove"]
[Date "2010.03.20"]
[Round "2"]
[White "Ociepka, Adrian"]
[Black "Coates, David H"]
[Result "0-1"]
[WhiteElo "2176"]
[BlackElo "2043"]
[PlyCount "132"]
[EventDate "2010.03.19"]
[EventType "swiss"]
[EventRounds "5"]
[EventCountry "ENG"]

1. e4 e5 2. Nf3 Nc6 3. Bb5 a6 4. Ba4 Nf6 5. O-O Be7 6. Re1 b5 7. Bb3 d6 8. c3
O-O 9. h3 Na5 10. Bc2 c5 11. d4 Nd7 12. Nbd2 exd4 13. cxd4 Nc6 14. d5 Nce5 15.
Nh2 Ng6 16. g3 Re8 17. a4 Rb8 18. axb5 axb5 19. Ndf1 Nb6 20. Kg2 Bd7 21. f4 Ra8
22. Rxa8 Qxa8 23. Ne3 Bf6 24. Neg4 Bd4 25. Nf3 Bxg4 26. hxg4 Bf6 27. g5 Be7 28.
g4 Bf8 29. Kg3 Qa1 30. b3 Be7 31. Qe2 Qa5 32. Bb2 Nd7 33. Ra1 Qb6 34. Qh2 f6
35. Rh1 Ndf8 36. gxf6 Bxf6 37. Bxf6 gxf6 38. Qh5 Qd8 39. Qf5 Qe7 40. Ra1 Rb8
41. Ra6 Kg7 42. g5 fxg5 43. Nxg5 Rd8 44. Bd3 b4 45. Nf3 Kh8 46. Qg5 Qd7 47.
Qf6+ Kg8 48. Bc4 Qe7 49. Qf5 h6 50. Bd3 Qg7 51. Qg4 Kh8 52. Bc4 Nh7 53. e5 h5
54. Qxh5 Nxe5+ 55. Kf2 Nxc4 56. bxc4 b3 57. Ng5 Rf8 58. Ne6 Qb2+ 59. Kg3 Rg8+
60. Ng5 Qc3+ 61. Kg4 Rxg5+ 62. fxg5 Qxc4+ 63. Kh3 Qxa6 64. Qe8+ Kg7 65. Qe7+
Kg8 66. g6 Qd3+ 0-1

[Event "Uxbridge Open"]
[Site "Denham Grove"]
[Date "2010.03.20"]
[Round "2"]
[White "Talbot, Andrew R"]
[Black "Chevannes, Sabrina L"]
[Result "1-0"]
[WhiteElo "2141"]
[BlackElo "2022"]
[PlyCount "89"]
[EventDate "2010.03.19"]
[EventType "swiss"]
[EventRounds "5"]
[EventCountry "ENG"]

1. d4 d5 2. c4 e6 3. Nc3 c6 4. Nf3 Nf6 5. Bg5 Be7 6. e3 Nbd7 7. Qc2 O-O 8. Rd1
Re8 9. Bd3 dxc4 10. Bxc4 b5 11. Bd3 Bb7 12. O-O a6 13. e4 h6 14. Bh4 Qb6 15. e5
Nd5 16. Nxd5 cxd5 17. Bxe7 Rxe7 18. b4 Qd8 19. Rc1 Nb6 20. Qe2 Rc7 21. Bb1 Rac8
22. Rc5 Na4 23. Qd3 Nxc5 24. Qh7+ Kf8 25. bxc5 Ke7 26. Qxg7 Qh8 27. Qxh8 Rxh8
28. Nd2 Rcc8 29. Nb3 Rhg8 30. f3 h5 31. Bd3 Kd7 32. Na5 Kc7 33. g3 Rg7 34. Kf2
Rcg8 35. Rb1 Rb8 36. Rb3 Bc6 37. a3 h4 38. g4 b4 39. Nxc6 Kxc6 40. axb4 Ra8 41.
Bxa6 Rb8 42. b5+ Kd7 43. Ra3 Ke7 44. b6 Kd8 45. Kg2 1-0

[Event "Uxbridge Open"]
[Site "Denham Grove"]
[Date "2010.03.20"]
[Round "2"]
[White "Tarun, Malhotra"]
[Black "Ynojosa Aponte, Felix Jose"]
[Result "0-1"]
[WhiteElo "1801"]
[BlackElo "2165"]
[PlyCount "150"]
[EventDate "2010.03.19"]
[EventType "swiss"]
[EventRounds "5"]
[EventCountry "ENG"]

1. e4 c5 2. Nf3 Nc6 3. d4 cxd4 4. Nxd4 e5 5. Nb5 d6 6. N1c3 a6 7. Na3 b5 8. Nd5
Nge7 9. Bg5 h6 10. Bh4 Be6 11. c3 Bxd5 12. exd5 Nb8 13. Be2 Nd7 14. Bg4 g5 15.
Bg3 Nf6 16. Be2 h5 17. h4 g4 18. Bd3 Bh6 19. O-O O-O 20. c4 b4 21. Nc2 Qb6 22.
Kh1 e4 23. Be2 Nf5 24. Kh2 Rae8 25. b3 Re7 26. a3 bxa3 27. Rxa3 Rfe8 28. b4 e3
29. f3 Nxg3 30. Kxg3 gxf3 31. gxf3 Qd8 32. Rh1 Kh8 33. Kg2 Rg8+ 34. Kf1 Qf8 35.
Qd4 Qg7 36. Ke1 Qg3+ 37. Kd1 Bg7 38. Qd3 Qf4 39. Rxa6 Nd7 40. Ra5 Rge8 41. Rh3
Ne5 42. Qe4 Qf6 43. Qd4 Qf5 44. Rg3 Ng6 45. Qd3 Qxd3+ 46. Bxd3 e2+ 47. Kd2
e1=Q+ 48. Nxe1 Rxe1 49. Bxg6 fxg6 50. Rxg6 R1e2+ 51. Kd1 Rb2 52. Re6 Rf8 53.
Kc1 Rxb4 54. Rxd6 Rxc4+ 55. Kd2 Rb8 56. Ra2 Rxh4 57. Re6 Rd4+ 58. Ke3 Rxd5 59.
Kf4 Rf8+ 60. Kg3 Rdf5 61. Ra3 Be5+ 62. Kg2 Rg8+ 63. Kf2 Bf4 64. Rb3 h4 65. Rb1
h3 66. Rh1 h2 67. Re4 Rg7 68. Re8+ Kh7 69. Re4 Bd6 70. Rc4 Bc5+ 71. Ke2 Bg1 72.
Rc3 Rg2+ 73. Kf1 Rf2+ 74. Ke1 Re5+ 75. Kd1 Ra5 0-1

[Event "Uxbridge Open"]
[Site "Denham Grove"]
[Date "2010.03.20"]
[Round "2"]
[White "Tobisch, John"]
[Black "Cutmore, Martin J"]
[Result "1/2-1/2"]
[WhiteElo "1864"]
[BlackElo "2059"]
[PlyCount "47"]
[EventDate "2010.03.19"]
[EventType "swiss"]
[EventRounds "5"]
[EventCountry "ENG"]

1. d4 Nf6 2. Bg5 e6 3. e4 h6 4. Bxf6 Qxf6 5. c3 c5 6. Nf3 cxd4 7. e5 Qd8 8.
Nxd4 a6 9. Nd2 Qc7 10. f4 d6 11. exd6 Bxd6 12. g3 O-O 13. Ne4 Be7 14. Bg2 e5
15. fxe5 Qxe5 16. O-O f5 17. Qb3+ Kh8 18. Nf2 Bc5 19. Rfe1 Qc7 20. Qc4 b5 21.
Qd5 Ra7 22. Nd3 Bb6 23. Qe5 Nc6 24. Qxc7 1/2-1/2

[Event "Uxbridge Open"]
[Site "Denham Grove"]
[Date "2010.03.20"]
[Round "2"]
[White "Webb, Matthew D"]
[Black "McIntyre, Paul"]
[Result "0-1"]
[WhiteElo "1999"]
[BlackElo "2118"]
[PlyCount "46"]
[EventDate "2010.03.19"]
[EventType "swiss"]
[EventRounds "5"]
[EventCountry "ENG"]

1. e4 c5 2. a3 e6 3. b4 cxb4 4. axb4 Bxb4 5. Bb2 Nf6 6. e5 Nd5 7. c4 Ne7 8. Na3
Nbc6 9. Qg4 d6 10. Qxg7 Rg8 11. Qxh7 dxe5 12. Nf3 b6 13. Nb5 Bb7 14. Bc3 a6 15.
Bxb4 axb5 16. Rxa8 Qxa8 17. Bxe7 Nxe7 18. h4 Be4 19. Qh5 Qa1+ 20. Ke2 Nf5 21.
Ng5 Nd4+ 22. Ke3 Bg6 23. Qg4 Qa3+ 0-1

[Event "Uxbridge Open"]
[Site "Denham Grove"]
[Date "2010.03.20"]
[Round "3"]
[White "Ackley, Peter J E"]
[Black "Burrows, Martin P"]
[Result "1/2-1/2"]
[WhiteElo "2092"]
[BlackElo "2186"]
[PlyCount "53"]
[EventDate "2010.03.19"]
[EventType "swiss"]
[EventRounds "5"]
[EventCountry "ENG"]

1. c4 Nf6 2. Nc3 e6 3. d4 Bb4 4. f3 d5 5. a3 Bxc3+ 6. bxc3 c5 7. cxd5 Nxd5 8.
dxc5 Qa5 9. e4 Ne7 10. Be3 Qxc3+ 11. Kf2 Nbc6 12. Ne2 Qa5 13. Qb3 e5 14. Nc3
O-O 15. Nd5 Kh8 16. Nxe7 Nxe7 17. g4 Nc6 18. Bc4 Nd4 19. Qb4 Qd8 20. Bxd4 Qxd4+
21. Kg3 a5 22. Qb3 Qxc5 23. Bxf7 Ra6 24. Rac1 Qe7 25. Bd5 Raf6 26. Rc3 b6 27.
h3 1/2-1/2

[Event "Uxbridge Open"]
[Site "Denham Grove"]
[Date "2010.03.20"]
[Round "3"]
[White "Amato, Giampiero"]
[Black "Andreev, Peter"]
[Result "1-0"]
[WhiteElo "2044"]
[BlackElo "1846"]
[PlyCount "47"]
[EventDate "2010.03.19"]
[EventType "swiss"]
[EventRounds "5"]
[EventCountry "ENG"]

1. e4 c5 2. Nf3 Nc6 3. d4 cxd4 4. Nxd4 Nf6 5. Nc3 e5 6. Ndb5 d6 7. Bg5 a6 8.
Na3 b5 9. Bxf6 gxf6 10. Nd5 Bg7 11. c3 f5 12. exf5 Bxf5 13. Nc2 O-O 14. Nce3
Be6 15. Bd3 f5 16. Qh5 e4 17. Bc2 Ne5 18. Nf4 Bd7 19. O-O Qe7 20. Rad1 Be8 21.
Qh3 Ng6 22. Nxf5 Qg5 23. Nxg6 Rxf5 24. Qxf5 1-0

[Event "Uxbridge Open"]
[Site "Denham Grove"]
[Date "2010.03.20"]
[Round "3"]
[White "Armstrong, Malcolm J"]
[Black "Makepeace, Philip J"]
[Result "0-1"]
[WhiteElo "1989"]
[BlackElo "2042"]
[PlyCount "48"]
[EventDate "2010.03.19"]
[EventType "swiss"]
[EventRounds "5"]
[EventCountry "ENG"]

1. d4 c5 2. Nf3 g6 3. e3 Bg7 4. Bd3 Nf6 5. O-O cxd4 6. exd4 O-O 7. c3 b6 8. h3
Bb7 9. Bf4 d6 10. Nbd2 Nbd7 11. Re1 Re8 12. Qb3 e5 13. Bh2 e4 14. Ng5 exd3 15.
Qxf7+ Kh8 16. Ne6 Qe7 17. Qxe7 Rxe7 18. Bxd6 Ree8 19. Nc7 Rxe1+ 20. Rxe1 Rc8
21. Re3 Bh6 22. f4 g5 23. Rxd3 gxf4 24. Nf3 Ne4 0-1

[Event "Uxbridge Open"]
[Site "Denham Grove"]
[Date "2010.03.20"]
[Round "3"]
[White "Atako, Chino"]
[Black "Tarun, Malhotra"]
[Result "1-0"]
[WhiteElo "2052"]
[BlackElo "1801"]
[PlyCount "103"]
[EventDate "2010.03.19"]
[EventType "swiss"]
[EventRounds "5"]
[EventCountry "ENG"]

1. e4 c5 2. Nf3 Nc6 3. d4 cxd4 4. Nxd4 Nf6 5. Nc3 e5 6. Ndb5 d6 7. Bg5 a6 8.
Na3 b5 9. Nd5 Be7 10. Nxe7 Nxe7 11. Bxf6 gxf6 12. c4 Qa5+ 13. Qd2 Qxd2+ 14.
Kxd2 b4 15. Nc2 a5 16. a3 b3 17. Ne3 a4 18. Bd3 Be6 19. Nd5 Nxd5 20. cxd5 Bd7
21. Rac1 Kd8 22. Rc3 Ra5 23. Rhc1 f5 24. exf5 Rxd5 25. Ke3 f6 26. Be4 Ra5 27.
Rd1 Ra6 28. Rcd3 Ke7 29. f4 Rf8 30. fxe5 fxe5 31. g4 h5 32. h3 hxg4 33. hxg4
Rh8 34. Rh1 Rxh1 35. Bxh1 Bc6 36. f6+ Ke6 37. f7 Kxf7 38. Rxd6 Bb5 39. Rxa6
Bxa6 40. Bc6 Kf6 41. Bxa4 Bc4 42. Bd7 Bd5 43. a4 Ke7 44. Bc8 Kd6 45. a5 Kc7 46.
Bf5 Kd6 47. a6 Kc7 48. Be4 Bxe4 49. Kxe4 Kb6 50. g5 Kxa6 51. g6 Kb5 52. g7 1-0

[Event "Uxbridge Open"]
[Site "Denham Grove"]
[Date "2010.03.20"]
[Round "3"]
[White "Bonafont, Philip R"]
[Black "Livner, Anders"]
[Result "0-1"]
[WhiteElo "2115"]
[BlackElo "2304"]
[PlyCount "52"]
[EventDate "2010.03.19"]
[EventType "swiss"]
[EventRounds "5"]
[EventCountry "ENG"]

1. d4 d5 2. Nf3 Nf6 3. c4 dxc4 4. e3 e6 5. Bxc4 c5 6. O-O a6 7. e4 b5 8. Bd3
Bb7 9. e5 Nfd7 10. a4 b4 11. Bg5 Be7 12. Bxe7 Qxe7 13. Nbd2 O-O 14. Nc4 Bd5 15.
Qe2 Nc6 16. Be4 Nxd4 17. Nxd4 cxd4 18. Rac1 Rac8 19. f4 Bxe4 20. Qxe4 Nc5 21.
Qxd4 Nb3 22. Qe4 Qc5+ 23. Kh1 Nxc1 24. Rxc1 Rfd8 25. b3 Qd4 26. Qf3 Qd3 0-1

[Event "Uxbridge Open"]
[Site "Denham Grove"]
[Date "2010.03.20"]
[Round "3"]
[White "Chevannes, Sabrina L"]
[Black "Bailey, Kevin J"]
[Result "1-0"]
[WhiteElo "2022"]
[BlackElo "2076"]
[PlyCount "43"]
[EventDate "2010.03.19"]
[EventType "swiss"]
[EventRounds "5"]
[EventCountry "ENG"]

1. d4 d5 2. Bf4 Nf6 3. e3 c5 4. c3 Qb6 5. Qc2 Nc6 6. Nf3 Bf5 7. dxc5 Bxc2 8.
cxb6 axb6 9. Na3 Bf5 10. Nb5 Rc8 11. h3 e6 12. Be2 Be7 13. Bd6 Kd7 14. Bh2 Be4
15. O-O Ne8 16. Nd2 Bg6 17. e4 Nf6 18. exd5 Nxd5 19. Nc4 Nd8 20. Rad1 Kc6 21.
Ne5+ Kc5 22. Rxd5+ 1-0

[Event "Uxbridge Open"]
[Site "Denham Grove"]
[Date "2010.03.20"]
[Round "3"]
[White "Coates, David H"]
[Black "Arkell, Keith C"]
[Result "0-1"]
[WhiteElo "2043"]
[BlackElo "2474"]
[PlyCount "112"]
[EventDate "2010.03.19"]
[EventType "swiss"]
[EventRounds "5"]
[EventCountry "ENG"]

1. e4 c5 2. Nf3 e6 3. d4 cxd4 4. Nxd4 Nc6 5. Nc3 a6 6. Nxc6 bxc6 7. Bd3 d5 8.
O-O Ne7 9. Re1 g6 10. Bg5 Bg7 11. Qf3 Bb7 12. Bf6 O-O 13. Bxg7 Kxg7 14. Na4 Qa5
15. b3 c5 16. e5 Ng8 17. Qe3 Rac8 18. c4 d4 19. Qe2 Bc6 20. Nb2 Ne7 21. Be4
Bxe4 22. Qxe4 Nc6 23. Nd3 Nb4 24. Nf4 Qd8 25. a3 Nc6 26. Rad1 a5 27. Rd3 a4 28.
Rg3 Kh8 29. Qc2 axb3 30. Rxb3 Rb8 31. Rb5 Na7 32. Rxc5 Qb6 33. Nd3 Qb3 34. Qd2
Rfc8 35. Nc1 Qc3 36. Qxc3 dxc3 37. Rxc8+ Rxc8 38. Ne2 Rxc4 39. Rc1 Nb5 40. Kf1
c2 41. a4 Na3 42. a5 Rc5 43. f4 g5 44. g3 Rxa5 45. Ke1 gxf4 46. gxf4 Rd5 47.
Ng3 Kg7 48. Nf1 Rd4 49. Ne3 Rxf4 50. Nxc2 Rc4 51. Kd2 Rxc2+ 52. Rxc2 Nxc2 53.
Kxc2 Kg6 54. Kd3 Kf5 55. Kd4 Kf4 56. h3 h6 0-1

[Event "Uxbridge Open"]
[Site "Denham Grove"]
[Date "2010.03.20"]
[Round "3"]
[White "Crichton, Martin"]
[Black "White, David J"]
[Result "1/2-1/2"]
[WhiteElo "2001"]
[BlackElo "1965"]
[PlyCount "39"]
[EventDate "2010.03.19"]
[EventType "swiss"]
[EventRounds "5"]
[EventCountry "ENG"]

1. e4 c5 2. Nc3 Nc6 3. g3 g6 4. Bg2 Bg7 5. d3 d6 6. Be3 Nf6 7. h3 O-O 8. Qd2
Rb8 9. Bh6 Bxh6 10. Qxh6 Nd4 11. Qd2 b5 12. Nd1 b4 13. c3 bxc3 14. bxc3 Nc6 15.
Ne2 Ba6 16. f4 Qb6 17. O-O Nd7 18. Kh1 Rb7 19. g4 Rfb8 20. Rf3 1/2-1/2

[Event "Uxbridge Open"]
[Site "Denham Grove"]
[Date "2010.03.20"]
[Round "3"]
[White "De Coverly, Roger D"]
[Black "Harnett, Robert J"]
[Result "1/2-1/2"]
[WhiteElo "2119"]
[BlackElo "2010"]
[PlyCount "60"]
[EventDate "2010.03.19"]
[EventType "swiss"]
[EventRounds "5"]
[EventCountry "ENG"]

1. Nf3 Nf6 2. g3 g6 3. Bg2 Bg7 4. O-O O-O 5. c4 d6 6. d4 Nbd7 7. Nc3 e5 8. h3
c6 9. e4 Re8 10. Re1 h6 11. b3 exd4 12. Nxd4 d5 13. cxd5 cxd5 14. Bb2 Nc5 15.
e5 Nfe4 16. Nf3 Nxc3 17. Bxc3 Ne4 18. Bd4 Be6 19. Nd2 Qa5 20. Nxe4 dxe4 21. Qc2
Red8 22. Qc3 Qxc3 23. Bxc3 Rac8 24. Rac1 Rd3 25. Bb2 Rd2 26. Rxc8+ Bxc8 27. Bc1
Rxa2 28. Bxe4 Bxh3 29. Bxb7 Be6 30. b4 Bf8 1/2-1/2

[Event "Uxbridge Open"]
[Site "Denham Grove"]
[Date "2010.03.20"]
[Round "3"]
[White "Gibbs, Dominic V"]
[Black "Nelson, Omowale"]
[Result "1/2-1/2"]
[WhiteElo "1980"]
[BlackElo "2076"]
[PlyCount "92"]
[EventDate "2010.03.19"]
[EventType "swiss"]
[EventRounds "5"]
[EventCountry "ENG"]

1. e4 c6 2. d4 d5 3. exd5 cxd5 4. c4 Nf6 5. Nc3 e6 6. Nf3 Bb4 7. cxd5 Nxd5 8.
Qc2 Qa5 9. Bd2 Nc6 10. Be2 Bd7 11. O-O Rc8 12. a3 Be7 13. Rad1 Qd8 14. Rfe1 Na5
15. Qe4 Nxc3 16. Bxc3 Bc6 17. Qe5 Bd5 18. Bxa5 Qxa5 19. Qxg7 Rf8 20. Ne5 Be4
21. Bf3 Bxf3 22. Nxf3 Qf5 23. d5 Rd8 24. dxe6 Rxd1 25. Rxd1 fxe6 26. Qd4 Kf7
27. Ne5+ Kg8 28. Qg4+ Qxg4 29. Nxg4 Rc8 30. Ne3 Rc7 31. Kf1 Bf6 32. Rd2 Kf7 33.
Ke2 Ke7 34. g3 Rc1 35. h4 Rb1 36. Nd1 Rc1 37. Kf3 Rc5 38. Ne3 Rb5 39. b4 a5 40.
bxa5 Rb3 41. Rc2 Kd7 42. Ke4 Rxa3 43. Nc4 Ra4 44. Kd3 Ra1 45. Nb6+ Kd6 46. Nc4+
Kd7 1/2-1/2

[Event "Uxbridge Open"]
[Site "Denham Grove"]
[Date "2010.03.20"]
[Round "3"]
[White "Holland, James P"]
[Black "Pleasants, Allan J"]
[Result "1/2-1/2"]
[WhiteElo "1973"]
[BlackElo "2038"]
[PlyCount "57"]
[EventDate "2010.03.19"]
[EventType "swiss"]
[EventRounds "5"]
[EventCountry "ENG"]

1. d4 Nf6 2. c4 Nc6 3. Nf3 e6 4. Nc3 Bb4 5. Qc2 d6 6. a3 Bxc3+ 7. Qxc3 h6 8. g3
O-O 9. Bg2 Re8 10. Qc2 a5 11. O-O e5 12. d5 Ne7 13. e4 b6 14. h3 Ng6 15. Be3 a4
16. Ne1 Qe7 17. Nd3 Rf8 18. Rae1 Bd7 19. Kh2 Rae8 20. Qe2 Bc8 21. Bd2 Qd7 22.
f3 Nh7 23. Nf2 f5 24. exf5 Qxf5 25. Ne4 Qh5 26. Qd1 Bd7 27. Nc3 Ng5 28. Bxg5
Qxg5 29. Re2 1/2-1/2

[Event "Uxbridge Open"]
[Site "Denham Grove"]
[Date "2010.03.20"]
[Round "3"]
[White "Houska, Jovanka"]
[Black "Ynojosa Aponte, Felix Jose"]
[Result "1-0"]
[WhiteElo "2392"]
[BlackElo "2165"]
[PlyCount "135"]
[EventDate "2010.03.19"]
[EventType "swiss"]
[EventRounds "5"]
[EventCountry "ENG"]

1. d4 Nf6 2. Nf3 e6 3. c4 b6 4. g3 Bb7 5. Bg2 c5 6. O-O cxd4 7. Qxd4 Bc5 8. Qd1
O-O 9. Nc3 h6 10. b3 Qe7 11. a3 Nc6 12. e4 e5 13. Nh4 Nd4 14. Re1 g5 15. Nf3
Nxf3+ 16. Bxf3 Bd4 17. Qd3 b5 18. Be3 bxc4 19. bxc4 Bxe3 20. Qxe3 Rfc8 21. Nd5
Nxd5 22. cxd5 Qc5 23. Qe2 Rc7 24. Bg4 Qe7 25. Qd2 d6 26. Rec1 Bc8 27. Rxc7 Qxc7
28. Rc1 Qb7 29. Qe2 Rb8 30. Kg2 f5 31. exf5 Qxd5+ 32. Bf3 Qf7 33. Qd2 Bb7 34.
Bxb7 Qxb7+ 35. Kg1 Rd8 36. h4 Qg7 37. Qa5 Rd7 38. Rc8+ Kh7 39. hxg5 Qxg5 40.
Qd5 Rg7 41. Rf8 Qc1+ 42. Kg2 Qc7 43. Rf6 h5 44. Qe6 Qc6+ 45. Kh2 Qc1 46. Rg6 h4
47. Rxg7+ Kxg7 48. Qg6+ Kh8 49. Qh5+ Kg7 50. Qxh4 Qh6 51. Qxh6+ Kxh6 52. g4 Kg5
53. Kg2 d5 54. Kf3 Kf6 55. Ke3 Kg5 56. a4 a5 57. f3 Kf6 58. f4 e4 59. Kd4 Kf7
60. g5 Kg8 61. f6 Kf8 62. g6 Kg8 63. f5 Kf8 64. f7 Kg7 65. f6+ Kf8 66. Ke3 d4+
67. Kxe4 d3 68. g7+ 1-0

[Event "Uxbridge Open"]
[Site "Denham Grove"]
[Date "2010.03.20"]
[Round "3"]
[White "Hunt, Daniel"]
[Black "Ganger, Rajan"]
[Result "1-0"]
[WhiteElo "2019"]
[BlackElo "1947"]
[PlyCount "59"]
[EventDate "2010.03.19"]
[EventType "swiss"]
[EventRounds "5"]
[EventCountry "ENG"]

1. e4 c6 2. Nf3 d5 3. exd5 cxd5 4. Ne5 Nf6 5. d4 Nc6 6. Bb5 Bd7 7. Nc3 Rc8 8.
O-O a6 9. Ba4 e6 10. f4 Nxd4 11. Nxd7 Nxd7 12. Be3 Nc6 13. Re1 b5 14. Bb3 d4
15. f5 Nc5 16. fxe6 f5 17. Qf3 Nxb3 18. axb3 dxc3 19. Rad1 Bd6 20. Qxf5 Rf8 21.
Qh5+ g6 22. Qxh7 Ne5 23. Bg5 Nf3+ 24. Kh1 Nxg5 25. Qxg6+ Ke7 26. Qxg5+ Rf6 27.
Qg7+ Ke8 28. e7 Rf1+ 29. Rxf1 Qxe7 30. Rfe1 1-0

[Event "Uxbridge Open"]
[Site "Denham Grove"]
[Date "2010.03.20"]
[Round "3"]
[White "Iyengar, Ilya"]
[Black "Tobisch, John"]
[Result "1-0"]
[WhiteElo "2013"]
[BlackElo "1864"]
[PlyCount "63"]
[EventDate "2010.03.19"]
[EventType "swiss"]
[EventRounds "5"]
[EventCountry "ENG"]

1. d4 e6 2. Nf3 f5 3. g3 Nf6 4. Bg2 d5 5. c4 c6 6. Nc3 Bd6 7. O-O O-O 8. b3 Qe8
9. Bb2 Qh5 10. Qd2 Ne4 11. Nxe4 fxe4 12. Qg5 Qxg5 13. Nxg5 h6 14. Nh3 Nd7 15.
f3 exf3 16. Rxf3 g5 17. Nf2 Nf6 18. e4 Nxe4 19. Rxf8+ Bxf8 20. Bxe4 dxe4 21.
Nxe4 Be7 22. Rf1 Bd7 23. Nf6+ Bxf6 24. Rxf6 Rf8 25. Rxh6 Kg7 26. Rh5 Kg6 27. g4
Rf4 28. h3 Re4 29. Kf2 c5 30. dxc5 Rf4+ 31. Kg3 Bc6 32. Rxg5+ 1-0

[Event "Uxbridge Open"]
[Site "Denham Grove"]
[Date "2010.03.20"]
[Round "3"]
[White "Lenier, Jude A"]
[Black "Webb, Matthew D"]
[Result "0-1"]
[WhiteElo "1942"]
[BlackElo "1999"]
[PlyCount "84"]
[EventDate "2010.03.19"]
[EventType "swiss"]
[EventRounds "5"]
[EventCountry "ENG"]

1. e4 g6 2. d4 Bg7 3. Nc3 d6 4. Be3 a6 5. f4 e6 6. Nf3 b5 7. Bd3 Ne7 8. Qd2 Nd7
9. O-O Nf6 10. h3 b4 11. Ne2 Bb7 12. Ng3 d5 13. e5 Ne4 14. Bxe4 dxe4 15. Ng5
Nf5 16. N5xe4 Qd5 17. Nxf5 gxf5 18. Nc5 Bc6 19. a3 Rg8 20. Rf2 bxa3 21. Rxa3
Bf8 22. Nxa6 Kd7 23. Ra5 Qe4 24. d5 Bxd5 25. Bc5 Rxa6 26. Re2 Qxe2 27. Qxe2
Rxa5 28. Bxf8 Rxg2+ 29. Qxg2 Bxg2 30. Kxg2 Rd5 31. Kg3 Rd2 32. Kh4 Rxc2 33. b4
Rg2 34. Kh5 Kc6 35. Be7 Rg6 36. h4 Kb5 37. Bd8 c6 38. Be7 Kc4 39. Bd6 f6 40.
exf6 Rxf6 41. Be5 Rg6 42. Bd6 Rg4 0-1

[Event "Uxbridge Open"]
[Site "Denham Grove"]
[Date "2010.03.20"]
[Round "3"]
[White "McIntyre, Paul"]
[Black "Harley-Yeo, Gareth"]
[Result "1/2-1/2"]
[WhiteElo "2118"]
[BlackElo "2053"]
[PlyCount "48"]
[EventDate "2010.03.19"]
[EventType "swiss"]
[EventRounds "5"]
[EventCountry "ENG"]

1. e4 c5 2. Nf3 e6 3. Qe2 Nc6 4. g3 b6 5. Bg2 Bb7 6. c3 Qc7 7. O-O Nge7 8. d4
cxd4 9. Rd1 d3 10. Qxd3 Ng6 11. Nbd2 Rd8 12. Nb3 Be7 13. Nbd4 a6 14. h4 O-O 15.
Qe2 d6 16. Nh2 Bf6 17. h5 Nge7 18. h6 g6 19. Ng4 Bh8 20. Bg5 Nxd4 21. cxd4 f6
22. Bd2 Qd7 23. Re1 Rde8 24. Bc3 d5 1/2-1/2

[Event "Uxbridge Open"]
[Site "Denham Grove"]
[Date "2010.03.20"]
[Round "3"]
[White "Radovanovic, Jovica"]
[Black "Talbot, Andrew R"]
[Result "1/2-1/2"]
[WhiteElo "2348"]
[BlackElo "2141"]
[PlyCount "37"]
[EventDate "2010.03.19"]
[EventType "swiss"]
[EventRounds "5"]
[EventCountry "ENG"]

1. Nf3 Nf6 2. d4 g6 3. c4 Bg7 4. Nc3 O-O 5. e4 d6 6. Be3 Na6 7. h3 e5 8. d5 Nh5
9. Nd2 Qe8 10. Nb3 f5 11. Be2 f4 12. Bd2 Nf6 13. Qc2 b6 14. O-O-O Nb4 15. Qb1
a5 16. Nb5 Na6 17. Be1 Qe7 18. Bf3 Bd7 19. Qd3 1/2-1/2

[Event "Uxbridge Open"]
[Site "Denham Grove"]
[Date "2010.03.20"]
[Round "3"]
[White "Richter, Hans"]
[Black "Doci, Stefan"]
[Result "1/2-1/2"]
[WhiteElo "2187"]
[BlackElo "2071"]
[PlyCount "44"]
[EventDate "2010.03.19"]
[EventType "swiss"]
[EventRounds "5"]
[EventCountry "ENG"]

1. d4 c6 2. c4 d5 3. Nf3 Nf6 4. Nc3 g6 5. e3 Bg7 6. Qb3 O-O 7. Bd2 a6 8. Rc1 e6
9. Bd3 dxc4 10. Bxc4 b5 11. Be2 Bb7 12. a4 Nbd7 13. O-O Rb8 14. Rfd1 Qb6 15.
Be1 b4 16. a5 Qxa5 17. Ra1 Qh5 18. Qxb4 c5 19. Qa5 Rfc8 20. Na4 cxd4 21. Qxh5
Nxh5 22. Nxd4 Nhf6 1/2-1/2